Hersheypark Rides - Statistics

General Stats
  • This quiz has been taken 46 times
  • The average score is 11 of 14
Answer Stats
Rides % Correct
Skyrush
97%
Great Bear
90%
Wildcat
90%
Candymonium
87%
Stormrunner
87%
Trailblazer
87%
Comet
83%
Lightning Racer
80%
Wildmouse
80%
Laff Trakk
77%
Sidewinder
73%
Sooperdooperlooper
73%
Cocoa Cruiser
63%
Farenheit
60%
No matching quizzes found
Score Distribution
Percent of People with Each Score
Percentile by Number Answered
Your Score History
You have not taken this quiz